Sports Quiz

Random Sports or NHL Quiz

NHL Top Scoring Twosomes Quiz Stats

 Plays Quiz Updated Jun 12, 2018

Challenge
Share
Tweet
Embed
Score 0/200 Timer 14:00
2 Plays Today
Year Player % Correct
1981-82 (EDM)Wayne Gretzky
94.6%
1982-83 (EDM)Wayne Gretzky
94.6%
1983-84 (EDM)Wayne Gretzky
94.6%
1984-85 (EDM)Wayne Gretzky
94.6%
1985-86 (EDM)Wayne Gretzky
94.6%
1986-87 (EDM)Wayne Gretzky
94.6%
1987-88 (EDM)Wayne Gretzky
94.6%
1988-89 (LAK)Wayne Gretzky
94.6%
1989-90 (LAK)Wayne Gretzky
94.6%
1990-91 (LAK)Wayne Gretzky
94.6%
1993-94 (LAK)Wayne Gretzky
94.6%
2008-09 (PIT)Sidney Crosby
93.1%
2009-10 (WSH)Alexander Ovechkin
89.2%
1991-92 (PIT)Mario Lemieux
89.2%
1995-96 (PIT)Mario Lemieux
89.2%
1996-97 (PIT)Mario Lemieux
89.2%
2008-09 (PIT)Evgeni Malkin
88.1%
2000-01 (PIT)Jaromir Jagr
86.8%
1998-99 (PIT)Jaromir Jagr
86.8%
1997-98 (PIT)Jaromir Jagr
86.8%
1994-95 (PIT)Jaromir Jagr
86.8%
1995-96 (PIT)Jaromir Jagr
86.8%
1996-97 (PIT)Jaromir Jagr
86.8%
2011-12 (PIT)Evgeni Malkin
86.4%
2010-11 (VAN)Daniel Sedin
85.6%
2010-11 (VAN)Henrik Sedin
85.6%
2006-07 (TBL)Martin St. Louis
85%
2003-04 (TBL)Martin St. Louis
85%
2017-18 (PIT)Evgeni Malkin
84.6%
2015-16 (CHI)Patrick Kane
83.6%
1982-83 (EDM)Mark Messier
83.3%
1987-88 (EDM)Mark Messier
83.3%
2012-13 (TBL)Martin St. Louis
82.9%
1969-70 (BOS)Bobby Orr
81%
1970-71 (BOS)Bobby Orr
81%
1971-72 (BOS)Bobby Orr
81%
1972-73 (BOS)Bobby Orr
81%
1973-74 (BOS)Bobby Orr
81%
1974-75 (BOS)Bobby Orr
81%
2016-17 (EDM)Connor McDavid
79.7%
2012-13 (TBL)Steven Stamkos
77.4%
1944-45 (MTL)Maurice Richard
76.7%
1947-48 (MTL)Maurice Richard
76.7%
1954-55 (MTL)Maurice Richard
76.7%
1955-56 (MTL)Maurice Richard
76.7%
1957-58 (MTL)Maurice Richard
76.7%
1950-51 (DET)Gordie Howe
76.2%
1951-52 (DET)Gordie Howe
76.2%
1952-53 (DET)Gordie Howe
76.2%
1953-54 (DET)Gordie Howe
76.2%
1956-57 (DET)Gordie Howe
76.2%
1962-63 (DET)Gordie Howe
76.2%
1964-65 (DET)Gordie Howe
76.2%
2006-07 (TBL)Vincent Lecavalier
75.8%
2013-14 (ANA)Corey Perry
74.3%
2002-03 (COL)Peter Forsberg
74.1%
1961-62 (CHI)Bobby Hull
73.8%
1963-64 (CHI)Bobby Hull
73.8%
1965-66 (CHI)Bobby Hull
73.8%
1966-67 (CHI)Bobby Hull
73.8%
1967-68 (CHI)Bobby Hull
73.8%
2014-15 (DAL)Jamie Benn
73.8%
2007-08 (DET)Henrik Zetterberg
73.5%
2007-08 (DET)Pavel Datsyuk
73.4%
1999-00 (ANA)Teemu Selanne
73.3%
2005-06 (OTT)Daniel Alfredsson
73.2%
2017-18 (PIT)Phil Kessel
72.8%
Year Player % Correct
1984-85 (EDM)Jari Kurri
72.7%
1986-87 (EDM)Jari Kurri
72.7%
2013-14 (ANA)Ryan Getzlaf
72.5%
2014-15 (DAL)Tyler Seguin
70.1%
1968-69 (BOS)Phil Esposito
70%
1969-70 (BOS)Phil Esposito
70%
1970-71 (BOS)Phil Esposito
70%
1971-72 (BOS)Phil Esposito
70%
1972-73 (BOS)Phil Esposito
70%
1973-74 (BOS)Phil Esposito
70%
1974-75 (BOS)Phil Esposito
70%
2009-10 (WSH)Nicklas Backstrom
69.1%
1978-79 (NYI)Mike Bossy
67.7%
1999-00 (ANA)Paul Kariya
67.7%
1976-77 (MTL)Guy Lafleur
65.9%
1977-78 (MTL)Guy Lafleur
65.9%
2005-06 (OTT)Dany Heatley
63.9%
1989-90 (LAK)Luc Robitaille
63.3%
1990-91 (LAK)Luc Robitaille
63.3%
1993-94 (LAK)Luc Robitaille
63.3%
1975-76 (PHI)Bobby Clarke
61.5%
1983-84 (EDM)Paul Coffey
61%
1985-86 (EDM)Paul Coffey
61%
1979-80 (LAK)Marcel Dionne
60.9%
1980-81 (LAK)Marcel Dionne
60.9%
2001-02 (VAN)Markus Naslund
60.8%
1961-62 (CHI)Stan Mikita
60.5%
1963-64 (CHI)Stan Mikita
60.5%
1965-66 (CHI)Stan Mikita
60.5%
1966-67 (CHI)Stan Mikita
60.5%
1967-68 (CHI)Stan Mikita
60.5%
1978-79 (NYI)Bryan Trottier
59.2%
2015-16 (CHI)Artemi Panarin
58.6%
1992-93 (BUF)Pat LaFontaine
57.4%
2002-03 (COL)Milan Hejduk
54.3%
2011-12 (PIT)James Neal
53.3%
2016-17 (EDM)Leon Draisaitl
51.4%
2001-02 (VAN)Todd Bertuzzi
50.9%
1997-98 (PIT)Ron Francis
50.9%
1994-95 (PIT)Ron Francis
50.9%
1955-56 (MTL)Jean Beliveau
48.1%
1958-59 (MTL)Jean Beliveau
48.1%
1960-61 (MTL)Jean Beliveau
48.1%
1992-93 (BUF)Alexander Mogilny
47.9%
1991-92 (PIT)Kevin Stevens
47.8%
1981-82 (EDM)Glenn Anderson
47.4%
1949-50 (DET)Ted Lindsay
40.8%
1951-52 (DET)Ted Lindsay
40.8%
1952-53 (DET)Ted Lindsay
40.8%
1953-54 (DET)Ted Lindsay
40.8%
1956-57 (DET)Ted Lindsay
40.8%
1988-89 (LAK)Bernie Nicholls
38.3%
2000-01 (PIT)Alexei Kovalev
38.3%
1962-63 (DET)Alex Delvecchio
34.4%
1976-77 (MTL)Steve Shutt
33%
1954-55 (MTL)Bernie Geoffrion
32.6%
1960-61 (MTL)Bernie Geoffrion
32.6%
1980-81 (LAK)Dave Taylor
32.2%
1975-76 (PHI)Bill Barber
31%
1924-25 (MTL)Howie Morenz
30.2%
1927-28 (MTL)Howie Morenz
30.2%
1930-31 (MTL)Howie Morenz
30.2%
1998-99 (PIT)Martin Straka
27.4%
1945-46 (CHI)Clint Smith
26.7%
1938-39 (MTL)Toe Blake
26.6%
1977-78 (MTL)Jacques Lemaire
26.1%
1979-80 (LAK)Charlie Simmer
24.8%
Year Player % Correct
1917-18 (MTL)Joe Malone
24.4%
1949-50 (DET)Sid Abel
22.8%
1950-51 (DET)Sid Abel
22.8%
1937-38 (TOR)Syl Apps
21%
1968-69 (BOS)Ken Hodge
20.3%
1957-58 (MTL)Dickie Moore
20.1%
1958-59 (MTL)Dickie Moore
20.1%
1939-40 (BOS)Milt Schmidt
18.1%
1933-34 (TOR)Charlie Conacher
17.8%
1934-35 (TOR)Charlie Conacher
17.8%
1948-49 (CHI)Roy Conacher
17.8%
1944-45 (MTL)Elmer Lach
17.4%
1947-48 (MTL)Elmer Lach
17.4%
1964-65 (DET)Norm Ullman
16.3%
1931-32 (TOR)Busher Jackson
15.6%
1934-35 (TOR)Busher Jackson
15.6%
2003-04 (TBL)Cory Stillman
15.4%
1917-18 (MTL)Newsy Lalonde
14.9%
1918-19 (MTL)Newsy Lalonde
14.9%
1919-20 (MTL)Newsy Lalonde
14.9%
1942-43 (CHI)Doug Bentley
14.6%
1942-43 (CHI)Max Bentley
14.6%
1945-46 (CHI)Max Bentley
14.6%
1946-47 (CHI)Max Bentley
14.6%
1946-47 (CHI)Doug Bentley
14.6%
1948-49 (CHI)Doug Bentley
14.6%
1924-25 (MTL)Aurel Joliat
12.9%
1927-28 (MTL)Aurel Joliat
12.9%
1930-31 (MTL)Aurel Joliat
12.9%
1921-22 (OTT)Cy Denneny
11.2%
1923-24 (OTT)Cy Denneny
11.2%
1929-30 (BOS)Dit Clapper
11%
1932-33 (NYR)Bill Cook
10.1%
1932-33 (NYR)Bun Cook
10.1%
1920-21 (TOR)Babe Dye
9.3%
1922-23 (TOR)Babe Dye
9.3%
1926-27 (CHI)Babe Dye
9.3%
1928-29 (TOR)Ace Bailey
8.6%
1941-42 (NYR)Bryan Hextall
8.4%
1923-24 (OTT)George Boucher
8.2%
1931-32 (TOR)Joe Primeau
8.2%
1933-34 (TOR)Joe Primeau
8.2%
1941-42 (NYR)Lynn Patrick
8.1%
1940-41 (BOS)Bill Cowley
7.6%
1943-44 (BOS)Bill Cowley
7.6%
1918-19 (MTL)Odie Cleghorn
7.3%
1922-23 (TOR)Jack Adams
6.2%
1939-40 (BOS)Woody Dumart
6.1%
1929-30 (BOS)Cooney Weiland
6%
1959-60 (BOS)Bronco Horvath
5.8%
1935-36 (NYA)Sweeney Schriner
5.6%
1937-38 (TOR)Gordie Drillon
5.3%
1921-22 (OTT)Punch Broadbent
4.9%
1926-27 (CHI)Dick Irvin
4.8%
1943-44 (BOS)Herbert Cain
4.6%
1936-37 (DET)Marty Barry
3.6%
1959-60 (BOS)Don McKenney
3.4%
1936-37 (DET)Larry Aurie
3.3%
1920-21 (TOR)Harry Cameron
3%
1925-26 (BOS)Carson Cooper
2.9%
1919-20 (MTL)Amos Arbour
2.6%
1925-26 (BOS)Jimmy Herbert
2.1%
1935-36 (NYA)Art Chapman
2.1%
1928-29 (TOR)Andrew Blair
2%
1940-41 (BOS)Eddie Wiseman
1.9%
1938-39 (MTL)Paul Haynes
1.8%

You're not logged in!

Compare scores with friends on all Sporcle quizzes.
OR
Log In

You Might Also Like...

Show Comments

Extras

Top Quizzes Today


Score Distribution

Your Account Isn't Verified!

In order to create a playlist on Sporcle, you need to verify the email address you used during registration. Go to your Sporcle Settings to finish the process.

Report this User

Report this user for behavior that violates our Community Guidelines.

Details: